000 01460nam a2200277 4500
001 114125
003 DR-UNIBE
005 20251001161826.0
008 251001b2014 dr ||||| |||| 00| 1 spa d
020 _a9789945415599
040 _aBIBLIOTECA UNIBE
_bspa
_cBIBLIOTECA UNIBE
_erda
041 _aspa
090 _aFBIU-PUCMM CI A951
245 1 0 _aAventuras y encuentros mágicos :
_bcuentos de niños y niñas dominicanas /
_cpresentación: Carlos Amarante Baret ; edición y prólogo: Liliana Montenegro ; compilación: Equipo Técnico Programa Escuelas Efectivas-Lengua española
250 _aPrimera edición
260 _aSantiago de los Caballeros :
_bPontificia Universidad Católica Madre y Maestra (PUCMM),
_c2014
300 _a161 páginas :
_bilustraciones ;
_c20 x 20 cm
490 _aPUCMM. Colección literatura infantil
500 _aIncluye glosario, fotos de los niños escritores de los primeros grados del ciclo básico de escuelas públicas de Santiago de los Caballeros, La Vega, Moca y otras que participaron en el concurso promovido por la PUCMM y el Programa Escuelas Efectivas-Lengua Española
653 7 _aCuentos infantiles dominicanos
653 7 _a Literatura infantil dominicana
700 1 0 _aAmarante Baret, Carlos
_995492
_epresentación
700 1 0 _aMontenegro, Liliana
_955076
_eeditora
_eprologuista
710 1 0 _aEquipo Técnico Programa Escuelas Efectivas-Lengua Epañola
_955083
_ecompilador
942 _2ddc
_cBK
999 _c114125
_d114125